Estudio de campo y elaboración de las cuentas sociales de Casilda para 1969 (Registro nro. 16154)

Detalles MARC
000 -LEADER
fixed length control field 00406 a2200121 4500
001 - CONTROL NUMBER
control field ART_3027
005 - DATE AND TIME OF LATEST TRANSACTION
control field 20260410161712.0
008 - FIXED-LENGTH DATA ELEMENTS--GENERAL INFORMATION
fixed length control field 260409a
100 1# - MAIN ENTRY--PERSONAL NAME
Personal name Ciafardini, Horacio
245 10 - TITLE STATEMENT
Title Estudio de campo y elaboración de las cuentas sociales de Casilda para 1969
700 1# - ADDED ENTRY--PERSONAL NAME
Personal name Cristiá, Carlos A.
773 0# - HOST ITEM ENTRY
Title Desarrollo económico
Related parts - Vol. 12, Nº 47 (oct./dic. 1972)
Record control number REV1174

No hay ítems disponibles.